00496nam a2200169 a 450000100100000000500170001000800410002704000250006808200250009310000300011824500460014825000110019426000460020530000210025165000210027265000330029300001872620200929165840.0100514s1974 ag 000 p spa d aDO-SdBNPbspacBNPHU aCh861.4bN454v, 19741 aNeruda, Pablo,d1904-197314aLos versos del capitán /cPablo Neruda. a8a ed. aBuenos Aires, Argentina :bLosada,c1974. a122 p. ;c18 cm. 4aPoesía chilena 4aLiteratura chilenaySIGLO XX